书目信息 |
| 题名: |
农村合作金融机构执行新会计准则培训手册
|
|
| 作者: | 夏汉平 著 | |
| 分册: | ||
| 出版信息: | 北京 中国市场出版社 2008.07 |
|
| 页数: | 408页 | |
| 开本: | 20cm | |
| 丛书名: | ||
| 单 册: | ||
| 中图分类: | F832.35 | |
| 科图分类: | ||
| 主题词: | 金融 , 银行 | |
| 电子资源: | ||
| ISBN: | 978-7-5092-0366-8 | |
| 000 | 00618nam0 2200229 45 | |
| 001 | 0953301681 | |
| 005 | 20090929145009.76 | |
| 010 | @a978-7-5092-0366-8@dCNY36.00 | |
| 100 | @a20090515d2008 ekmy0 y0120 ea | |
| 102 | @aCN@b130000 | |
| 102 | @aCN@b110000 | |
| 105 | @ay z 000yy | |
| 200 | 1 | @a农村合作金融机构执行新会计准则培训手册@f夏汉平著@Fxia han ping zhu |
| 210 | @a北京@c中国市场出版社@d2008.07 | |
| 215 | @a408页@d20cm | |
| 606 | 0 | @a金融 |
| 606 | 0 | @a银行 |
| 690 | @aF832.35@v4 | |
| 701 | 0 | @a夏汉平@Axia han ping@4著 |
| 801 | 0 | @aCN@c20090929 |
| 905 | @a10447@dF832.35@eX182 | |
| 906 | @d36@n3@r1 | |
| 农村合作金融机构执行新会计准则培训手册/夏汉平著.-北京:中国市场出版社,2008.07 |
| 408页;20cm |
| ISBN 978-7-5092-0366-8:CNY36.00 |
| ● |
| 相关链接 |
|
|
|
正题名:农村合作金融机构执行新会计准则培训手册
索取号:F832.35/X182
 
预约/预借
| 序号 | 登录号 | 条形码 | 馆藏地/架位号 | 状态 | 备注 |
| 1 | 893923 | 208939238 | 社科库409/400B社科库 2排4列4层/ [索取号:F832.35/X182] | 在馆 | |
| 2 | 893924 | 208939247 | 社科二线422/422社科库 32排4列3层/ [索取号:F832.35/X182] | 在馆 | |
| 3 | 893925 | 208939256 | 社科库409/409社科库 54排2列5层/ [索取号:F832.35/X182] | 在馆 |